=LDR 00000nam 2200000 4500 =001 NUTBA000000000001708 =005 20140512153220.0 =006 =007 =008 =020 ##$$a 978-602-9110-33-3 =035 ##$$a 0010-051400000000173 =040 ##$$a Ind =082 ##$$a 920 =090 ##$$a 920$bRen k =100 ##$$a Rendi Hermana =245 ##$$a Karakter kepahlawanan$cRendi hermana =250 ##$$a Cet.1 =260 ##$$a Bandung$bTaman belajar$c2012. =300 ##$$a Vi,62 HLm$bIlus$c21 cm. =850 ##$$a NBPNMAT =990 ##$$a 21304254 =990 ##$$a 21196951/BPAP-NTB/2014 =990 ##$$a 21196952/BPAP-NTB/2014